banner-ar

الكتاب الذهبى لمدرسة المعلمين العليا : صور لمناسبة مرور خمسين عام على تخرج اول فرقة فيها 1885 - 1935 / (Record no. 59657)

MARC details
000 -الفاتح
حقل البيانات ثابتة الطول 00669nam a2200181Ia 4500
008 - عناصر البيانات ثابتة الطول - معلومات عامة
حقل البيانات ثابتة الطول 140319s9999 xx 000 0 ara d
040 ## - مصدر الفهرسة
وكالة الفهرسة الأصلية GCL /
وكالة النسخ GCL
082 04 - رقم تصنيف ديوى العشرى
رقم التصنيف م
رقم المادة 013
-- ج ك
100 1# - المدخل الرئيسى - إسم شخصى
الإسم الشخصى جمعية المعلمين
245 10 - بيان العنوان
العنوان الكتاب الذهبى لمدرسة المعلمين العليا : صور لمناسبة مرور خمسين عام على تخرج اول فرقة فيها 1885 - 1935 /
بيان المسئوليه,etc جمعية المعلمين
300 ## - الوصف المادى
التعداد 275 ص
490 ## - بيان السلسلة
عنوان السلسلة ماذا اعرف
رقم المجلد/ التعيين التسلسلي 0
650 04 - المدخل الاضافى بالموضوع-مصطلح موضوعى
مصطلح موضوعي الببليوجرافيات
650 04 - المدخل الاضافى بالموضوع-مصطلح موضوعى
مصطلح موضوعي ببليوجرافيات المعلمين
650 04 - المدخل الاضافى بالموضوع-مصطلح موضوعى
مصطلح موضوعي المعلمين
942 ## - عناصر المدخل الإضافي( كوها)
مصدر التصنيف او مخطط الترفيف Dewey Decimal Classification
Koha [default] item type المراجع
Holdings
حالة التراجع حالة الفقد حالة تلف ليس للاعارة المكان المؤقت الموقع الحالى تاريخ الاكتساب اجمالي اﻻعارات رقم الطلب الباركود تاريخ اخر مشاهدة تاريخ تفعيل السعر نوع وعاء كوها
        مكتبة القاهرة الكبرى مكتبة القاهرة الكبرى 03/26/2014   م\013\ج ك 157773 03/26/2014 03/26/2014 المراجع
        مكتبة القاهرة الكبرى مكتبة القاهرة الكبرى 03/26/2014   م\013\ج ك 157774 03/26/2014 03/26/2014 المراجع
        مكتبة القاهرة الكبرى مكتبة القاهرة الكبرى 03/26/2014   م\013\ج ك 157775 03/26/2014 03/26/2014 المراجع
        مكتبة القاهرة الكبرى مكتبة القاهرة الكبرى 03/26/2014   م\013\ج ك 157776 03/26/2014 03/26/2014 المراجع
        مكتبة القاهرة الكبرى مكتبة القاهرة الكبرى 03/26/2014   م\013\ج ك 157777 03/26/2014 03/26/2014 المراجع
        مكتبة القاهرة الكبرى مكتبة القاهرة الكبرى 03/26/2014   م\013\ج ك 157778 03/26/2014 03/26/2014 المراجع
        مكتبة القاهرة الكبرى مكتبة القاهرة الكبرى 03/26/2014   م\013\ج ك 157779 03/26/2014 03/26/2014 المراجع
        مكتبة القاهرة الكبرى مكتبة القاهرة الكبرى 03/26/2014   م\013\ج ك 157780 03/26/2014 03/26/2014 المراجع

Powered By

EGPV